01539nam a2200313 i 4500001000700000003000900007005001700016008004100033020002200074080002800096100004300124245010700167250001200274260006000286300002000346490006900366504003200435505006700467546003800534700004400572830007700616852009400693852008600787914003500873942002000908999001900928952013800947952014001085187641ES-MaACL20240131063034.0171214s2009 sp |||| |dcat d a978-84-92583-71-3 a081 Almirall, Valentí1 aAlmirall, Valentí,d1841-190492015110aObras completas / cValentí Almirall ; edició, introdució i notes a cura de Josép M. Figueres. a1ª ed. aBarcelona : bInstitut d'Estudis Catalans, c2009-2013. a2 v. ; c25 cm.1 aMonografies de la Secció Històrico-Arqueològica ; v11/1-2 aBibliografía: p. 45 - 56.8 aContiene: v. 1. 1867-1879 (1063 p.) - v. 2. 1880-1884 (955 p.) aTextos en castellano y catalán.0 aFigueres i Artigas, Josep Maria.9507720 aMonografies de la Secció Històrico-Arqueològica ; v11/1-29225589 aES-MaACLjA-141389194728bR.151283cDEPO1dOlim: N-7138hDonación: Casa de Velázquez aES-MaACLjA-14139bR.151285cDEPO1dOlim: N-7139hDonación: Casa de Velázquez 92477aCasa de Velázquezednr 2udccMONOGRAFIA c187641d187641 00102udc4070aATENEOMbATENEOMcDEPO1d2017-12-14eDONACIONhv.1l0oA-14138p1198192r2023-02-23 00:00:00w2023-02-23yMONOGRAFIA 00102udc4070aATENEOMbATENEOMcDEPO1d2017-12-14eDONACIONhv.2l0oA-14139p101206192r2023-12-15 00:00:00w2023-02-23yMONOGRAFIA